000 00453pab a2200157 454500
008 180718b1970 xxu||||| |||| 00| 0 eng d
100 _aViswanathan, S.S.
245 _aPerformance budgeting in India: A review of the developments, present status and prospects
260 _c1970
300 _ap.188-202.
362 _aApr-Jun
650 _aBudgetary control
773 _aIndian Journal of Public Administration
908 _aN
909 _a100030
999 _c100029
_d100029